Методы разведочной геофизики. Поиски и прогнозная оценка рудных месторождений методами электроразведки: сборник научных трудов

Библиографические подробности
Автор-организация: Научно-производственное объединение "Рудгеофизика"
Другие авторы: Сергеев С. П. (редактор), Редько Г. В.
Язык:русский
Опубликовано: Ленинград, НПО "Рудгеофизика", 1990
Предметы:
Формат: MixedMaterials Книга
Запись в KOHA:https://koha.lib.tpu.ru/cgi-bin/koha/opac-detail.pl?biblionumber=203903

MARC

LEADER 00000nam0a2200000 4500
001 203903
005 20231101225158.0
020 |a RU 
035 |a (RuTPU)RU\TPU\book\222226 
090 |a 203903 
100 |a 20111114d1990 km y0rusy5003 ca 
101 0 |a rus 
102 |a RU 
105 |a a z 001zy 
200 1 |a Методы разведочной геофизики. Поиски и прогнозная оценка рудных месторождений методами электроразведки  |e сборник научных трудов  |f Научно-производственное объединение "Рудгеофизика" ; под ред. С. П. Сергеева, Г. В. Редько 
210 |a Ленинград  |c НПО "Рудгеофизика"  |d 1990 
215 |a 165 с.  |c ил. 
320 |a Библиогр. в конце ст. 
610 1 |a электроразведка 
610 1 |a рудные месторождения 
610 1 |a поиски 
610 1 |a разведка 
610 1 |a методы 
610 1 |a прогнозная оценка 
610 1 |a геофизика 
610 1 |a фазовое просвечивание 
610 1 |a поляризационные явления 
610 1 |a модели 
675 |a 553.3/.4:550.83  |z rus 
686 |a 38.49  |2 rugasnti 
702 1 |a Сергеев  |b С. П.  |4 340 
702 1 |a Редько  |b Г. В.  |4 340 
712 0 2 |a Научно-производственное объединение "Рудгеофизика"  |2 stltpush  |3 (RuTPU)RU\TPU\col\9324  |9 24685 
801 0 |a RU  |b RuMRKP  |c 19960705  |g psbo 
801 1 |a RU  |b 63413507  |c 20111114 
801 2 |a RU  |b 63413507  |c 20111201  |g RCR 
942 |c BK